[Event "Oceania zt (Women)"]
[Site "Cammeray"]
[Date "2015.07.07"]
[Round "5"]
[White "Sukhu, Gloria"]
[Black "Krstevska, Tanya"]
[Result "0-1"]
[WhiteElo "1499"]
[BlackElo "1589"]
[PlyCount "132"]
[EventDate "2015.07.04"]
[EventType "swiss"]
[EventRounds "9"]
[EventCountry "AUS"]
[SourceTitle "CBM 167 Extra"]
[Source "ChessBase"]
[SourceDate "2015.09.14"]
[SourceVersion "1"]
[SourceVersionDate "2015.09.14"]
[SourceQuality "1"]

1. d4 Nf6 2. e3 d6 3. Bd3 g6 4. Nd2 Bg7 5. c3 Nbd7 6. f4 b6 7. Ngf3 Bb7 8. 0-0 e6 9. e4 0-0 10. h3 c5 11. Qe1 d5 12. Ne5 dxe4 13. Nxe4 Nxe4 14. Bxe4 Bxe4 15. Qxe4 Nf6 16. Qb7 cxd4 17. Rd1 Qc8 18. Qxc8 Raxc8 19. Rxd4 Rfd8 20. Rxd8+ Rxd8 21. Be3 Nd5 22. Bd2 Rc8 23. c4 Bxe5 24. fxe5 Rxc4 25. b3 Rc2 26. Bh6 f5 27. exf6 Kf7 28. Rc1 Rxc1+ 29. Bxc1 Kxf6 30. Kf2 Kf5 31. g4+ Ke4 32. Bd2 Nf4 33. h4 Nd5 34. Ke2 a6 35. b4 Nf4+ 36. Kf2 Nd3+ 37. Ke2 Ne5 38. Be3 b5 39. g5 Nc4 40. Bc1 e5 41. a3 Kf5 42. Kf3 e4+ 43. Kg3 Ne5 44. Be3 Nc4 45. Bc1 e3 46. Kf3 e2 47. Kxe2 Kg4 48. Kd3 Kxh4 49. Ke4 Kg4 50. Kd5 Kf5 51. a4 Nb6+ 52. Kc6 Nxa4 53. Kb7 Nc3 54. Kxa6 Na2 55. Bd2 Nxb4+ 56. Bxb4 Kxg5 57. Bd2+ Kg4 58. Bh6 b4 59. Bg7 h5 60. Kb5 h4 61. Kc4 h3 62. Be5 Kf3 63. Kd3 g5 64. Kd2 b3 65. Kc3 g4 66. Kxb3 g3 0-1

[Event "Australian Masters (Women)"]
[Site "Melbourne"]
[Date "2013.01.16"]
[Round "3"]
[White "Krstevska, Tanya"]
[Black "Chibnall, Alana"]
[Result "0-1"]
[WhiteElo "1578"]
[BlackElo "1873"]
[PlyCount "62"]
[EventDate "2013.01.14"]
[EventType "tourn"]
[EventRounds "7"]
[EventCountry "AUS"]
[SourceTitle "EXT 2016"]
[Source "ChessBase"]
[SourceDate "2015.10.08"]
[SourceVersion "1"]
[SourceVersionDate "2015.10.08"]
[SourceQuality "1"]

1. b3 Nf6 2. Bb2 e6 3. c4 d5 4. e3 c5 5. Nf3 b6 6. Qc2 dxc4 7. Bxc4 Bb7 8. Nc3 a6 9. h3 Be7 10. Be2 Nc6 11. a3 0-0 12. d3 Rc8 13. Rd1 Nd4 14. exd4 cxd4 15. 0-0 dxc3 16. Bc1 h6 17. a4 Nd5 18. Be3 Nb4 19. Qc1 c2 20. Rde1 Bxf3 21. gxf3 Nxd3 22. Bxd3 Qxd3 23. Qb2 Rfd8 24. Rc1 Bf6 25. Qa3 Rd5 26. f4 Rh5 27. Rfe1 Qg6+ 28. Kf1 Rxh3 29. Qd6 Qg4 30. Qd8+ Rxd8 31. Rxc2 Rh1# 0-1